000 00204 a2200097 4500
001 45786
100 _aCollins, J
245 _aHolly wood wives
260 _aLondon
_bPan books
_c
090 _c28910
_d28910
942 _aNUST-CAE
_cM
_c21014
999 _c280859
_d280859